| 000 | 00521nam a2200181Ia 4500 | ||
|---|---|---|---|
| 003 | GCL | ||
| 008 | 140319s9999 xx 000 0 eng d | ||
| 040 |
_aGCL / _cGCL |
||
| 082 | 0 | 4 |
_a948.9 _bC T |
| 100 | 1 | _aTHE CHRONOLOGICAL COLLECTION OF THE DANS | |
| 245 | 1 | 0 |
_aTREASURES OF ROSENBORG / _cTHE CHRONOLOGICAL COLLECTION OF THE DANS |
| 260 |
_a[S.N] : _bTHE CHRONOLGICAL COLLECTION OF THE DANIS ، _c1952 |
||
| 300 | _a32 P | ||
| 650 | 0 | 4 | _aMUSEUMS |
| 650 | 0 | 4 | _aMUSEUM - GUIDE |
| 650 | 0 | 4 | _aDENMARK |
| 942 |
_2ddc _cBK |
||
| 999 |
_c12435 _d12435 |
||